Normal view
MARC view
Entry Personal Name
001 - CONTROL NUMBER
- control field: 49596
003 - CONTROL NUMBER IDENTIFIER
- control field: dpl
005 - DATE AND TIME OF LATEST TRANSACTION
- control field: 20120627123528.0
008 - FIXED-LENGTH DATA ELEMENTS
- fixed length control field: 120627|||a|||||| | ||| d
040 ## - CATALOGING SOURCE
- Original cataloging agency: dpl
- Transcribing agency: dpl
100 ## - HEADING--PERSONAL NAME
- Personal name: शिवनारायण
670 ## - SOURCE DATA FOUND
- Source citation: Work cat.: (dpl): शिवनारायण, साहित्यिक पत्रकारिता का साधु-संग्राम/, 2012
670 ## - SOURCE DATA FOUND
- Source citation: Work cat.: (dpl): शिवनारायण, साहित्यिक पत्रकारिता का साधु-संग्राम/, 2012
